| 000 | 00375nam a22001337a 4500 | ||
|---|---|---|---|
| 003 | OSt | ||
| 008 | 250107b |||||||| |||| 00| 0 eng d | ||
| 041 | _aMalayalam | ||
| 082 | _a635.01 | ||
| 100 |
_aGopalakrishnan _95401 |
||
| 245 | _aPoshakathottam (Krishi Shastra Prasidheekaranam) | ||
| 260 |
_bDirectorate of Extension, Kerala Agricultural University, _c1980. |
||
| 942 | _cBK | ||
| 999 |
_c18976 _d18976 |
||